Statistiques concernant Joueurs de tennis par pays #2

Cliquez ici pour prendre le quiz!

Statistiques générales

  • Ce quiz a été pris 405 fois
    (368 depuis la dernière actualisation)
  • Le résultat moyen est 24 sur 30

Statistiques - réponses

JoueursPays% Correct
Roger FedererSuisse
100%
Alexander ZverevAllemagne
99%
Taylor FritzEtats-Unis
98%
Andy MurrayRoyaume-Uni
98%
Diego SchwartzmanArgentine
97%
Fabio FogniniItalie
97%
Kei NishikoriJapon
97%
Nick KyrgiosAustralie
96%
Marin ČilićCroatie
95%
Denis ShapovalovCanada
94%
Hubert HurkaczPologne
90%
Mikael YmerSuède
90%
Pedro SousaPortugal
88%
Thiago MonteiroBrésil
87%
Soonwoo KwonCorée du sud
87%
Emil RuusuvuoriFinlande
86%
Márton FucsovicsHongrie
82%
Kevin AndersonAfrique du sud
81%
Pablo CuevasUruguay
76%
Igor IvashkaBiélorussie
75%
Jiří VeselýRépublique Tchèque
75%
Daniel Elahi GalánColombie
70%
Aljaž BedeneSlovénie
67%
Juan Pablo VarillasPérou
65%
Damir DžumhurBosnie-Herzégovine
64%
Ričardas BerankisLituanie
64%
Norbert GombosSlovaquie
62%
Radu AlbotMoldavie
59%
Hugo DellienBolivie
56%
Jason JungTaïwan
31%

Distribution des résultats

Percentile par nombre de réponses

% des personnes avec chaque résultat

Votre développement - résultats

Vous n’avez pas pris ce quiz depuis la dernière actualisation